Statistiques concernant Top 50 des jeux les plus vendus

Cliquez ici pour prendre le quiz!

Statistiques générales

  • Ce quiz a été pris 77 fois
  • Le résultat moyen est 7 sur 50

Statistiques - réponses

HintRéponse% Correct
200 millionsMinecraft
77%
100 millionsTetris
62%
41,86 millionsMario Kart 8/Deluxe
45%
40,24 millionsSuper Mario Bros.
44%
140 millionsGrand Theft Auto V
32%
24 millionsFIFA 18
31%
26,2 millionsCall of Duty: Black Ops
27%
37,38 millionsMario Kart Wii
27%
25 millionsGrand Theft Auto IV
25%
82,90 millionsWii Sports
25%
27,5 millionsGrand Theft Auto: San Andreas
20%
31,38 millionsPokémon Rouge et Bleu
18%
23 millionsPokémon Or et Argent
15%
22,85 millionsSuper Smash Bros. Ultimate
15%
18,92 millionsMario Kart 7
14%
31,18 millionsAnimal Crossing: New Horizons
13%
22,7 millionsCall of Duty: Modern Warfare 2
13%
23,60 millionsMario Kart DS
13%
20,35 millionsPokémon Épée et Bouclier
13%
20,23 millionsSuper Mario Odyssey
13%
23,14 millionsThe Legend of Zelda: Breath of the Wild
13%
30,80 millionsNew Super Mario Bros.
11%
22,67 millionsWii Fit
11%
33,14 millionsWii Sports Resort
11%
26,5 millionsCall of Duty: Modern Warfare 3
10%
23,96 millionsNintendogs
10%
20,6 millionsSuper Mario World
10%
20 millionsBattlefield 3
8%
24,2 millionsCall of Duty: Black Ops II
8%
30,32 millionsNew Super Mario Bros. Wii
8%
17,67 millionsPokémon Diamant et Perle
8%
36 millionsRed Dead Redemption II
8%
28,3 millionsDuck Hunt
7%
28,02 millionsWii Play
7%
19 millionsCall of Duty: Ghosts
6%
65 millionsPlayerUnknown's Battlegrounds
6%
35 millionsTetris Game Boy
6%
22 millionsBorderlands 2
4%
30 millionsDiablo III
4%
17,5 millionsGrand Theft Auto: Vice City
4%
25 millionsHuman: Fall Flat
4%
24 millionsKinect Adventures
4%
20 millionsLes Sims 2
4%
28,3 millionsThe Witcher 3: Wild Hunt
4%
20 millionsMarvel's Spider-Man
3%
19,01 millionsProgramme d'entraînement cérébral du Dr Kawashima : Quel âge a votre cerveau ?
3%
30 millionsTerraria
3%
30 millionsThe Elder Scrolls V: Skyrim
3%
21,13 millionsWii Fit Plus
3%
18,14 millionsSuper Mario Land
0%

Distribution des résultats

Percentile par nombre de réponses

% des personnes avec chaque résultat

Votre développement - résultats

Vous n’avez pas pris ce quiz